| 000 | 00796nam 22002413 4500 | ||
|---|---|---|---|
| 001 | 199793 | ||
| 010 | _a84-950022-00-1 | ||
| 021 |
_aPT _bB-49.150-98 |
||
| 090 | _a199793 | ||
| 100 | _a20250307d u||y0pory50 ba | ||
| 101 | _apor | ||
| 102 | _aPT | ||
| 200 |
_aSabatina _eguia de formação escolar : ciências sociais _fDireção editorial António Reis |
||
| 210 |
_aSetúbal _cMarina Editores _dcop.1998 |
||
| 215 |
_a348 p. _cil. ; encadernado _d29 cm |
||
| 300 | _a- Forças -Electricidade, magnetismo e elctrónica - Energia -Matéria - Química do mundo mineral - Química do carbono | ||
| 606 |
_912746 _aFísica |
||
| 606 |
_94688 _aQuímica |
||
| 675 |
_a53/54 _vPT _zpor |
||
| 702 |
_94279 _aReis _bAntónio _f1927-1991 |
||
| 801 |
_aPT _bBMMN _gRPC |
||
| 830 |
_cAna _fAna |
||
| 990 | _cLIVROS | ||